Loading...
Portraits and views: literary and historical
| Hovedforfatter: | |
|---|---|
| Format: | Printed Book |
| Udgivet: |
London, Macmillan Press
1979
|
| Fag: |
| LEADER | 005410000a22001810004500 | ||
|---|---|---|---|
| 020 | |a 0-3-33-27241-2 | ||
| 022 | |a 28-07-2004 | ||
| 041 | |a English | ||
| 082 | |a 820.9 ROW/P L9 | ||
| 100 | |a Rowse, A L | ||
| 245 | |a Portraits and views: literary and historical | ||
| 260 | |a London, Macmillan Press | ||
| 260 | |c 1979 | ||
| 650 | |a English literature | ||
| 650 | |a History | ||
| 942 | |c BK | ||
| 999 | |c 146285 |d 146281 | ||
| 952 | |0 0 |1 0 |4 0 |6 820_900000000000000_ROW_P_L9 |7 0 |9 145056 |a SCC |b SCC |d 2017-10-11 |l 0 |o 820.9 ROW/P L9 |p SCC04225 |r 2017-10-11 |w 2017-10-11 |y BK | ||